Introduction to The Unified Field Theory of Elementary Particles (Record no. 530839)
[ view plain ]
| 000 -LEADER | |
|---|---|
| fixed length control field | 00375nam a2200133Ia 4500 |
| 008 - FIXED-LENGTH DATA ELEMENTS--GENERAL INFORMATION | |
| fixed length control field | 191014s9999 xx 000 0 und d |
| 020 ## - INTERNATIONAL STANDARD BOOK NUMBER | |
| International Standard Book Number | LC 6625749 |
| 082 ## - DEWEY DECIMAL CLASSIFICATION NUMBER | |
| Classification number | 539.721 |
| Author Mark | HEI |
| 100 ## - MAIN ENTRY--PERSONAL NAME | |
| Personal name | W.Heisenberg |
| 9 (RLIN) | 20269 |
| 245 #0 - TITLE STATEMENT | |
| Title | Introduction to The Unified Field Theory of Elementary Particles |
| 260 ## - PUBLICATION, DISTRIBUTION, ETC. | |
| Place of publication, distribution, etc. | London |
| Name of publisher, distributor, etc. | John &wiley Sons |
| Date of publication, distribution, etc. | 1966 |
| 300 ## - PHYSICAL DESCRIPTION | |
| Extent | Ix, 177 |
| 942 ## - ADDED ENTRY ELEMENTS (KOHA) | |
| Koha item type | Book |
| Withdrawn status | Lost status | Damaged status | Not for loan | Permanent Location | Current Location | Date acquired | Source of acquisition | Cost, normal purchase price | Total Checkouts | Full call number | Barcode | Date last seen | Price effective from | Koha item type |
|---|---|---|---|---|---|---|---|---|---|---|---|---|---|---|
| School of Natural Sciences (SNS) | School of Natural Sciences (SNS) | 10/15/2019 | Donation | 0.00 | 539.721HEI | SNS0002616 | 10/15/2019 | 10/15/2019 | Book |
